Solve the Secret Person #2 - Statistics

General Stats
  • This quiz has been taken 1,461 times
  • The average score is 9 of 21
Answer Stats
Hint Answer % Correct
CKOO Cook
99%
ABDDHU Buddha
85%
AGHINNOSTW Washington
83%
ENOR Nero
80%
CCHHILLRU Churchill
77%
EILSV Elvis
58%
EJUSS Jesus
49%
AEITV Evita
47%
AEOPS Aesop
41%
EHMOR Homer
39%
ACEEGHILLMNO Michelangelo
39%
AHOPPS Sappho
31%
DHIINOU Houdini
27%
BEEEHNOTV Beethoven
20%
BEEGGNRTU Gutenberg
17%
AACEEGHLMNR Charlemagne
14%
AEILORTV Voltaire
14%
Secret Person SOCRATES
12%
AINPRSTU Rasputin
7%
AABHILNN Hannibal
6%
AAGHOPRSTY Pythagoras
6%
No matching quizzes found
Score Distribution
Percent of People with Each Score
Percentile by Number Answered
Your Score History
You have not taken this quiz